Sri Aurobindo or The adventure of consciousness
| Main Author: | |
|---|---|
| Format: | Print Book |
| Language: | English |
| Subito Delivery Service: | Order now. |
| Check availability: | HBZ Gateway |
| WorldCat: | WorldCat |
| Interlibrary Loan: | Interlibrary Loan for the Fachinformationsdienste (Specialized Information Services in Germany) |
| Published: |
New York
Inst. for Evolutionary Research
1984
|
| In: | Year: 1984 |
| Standardized Subjects / Keyword chains: | B
Aurobindo 1872-1950
/ Yoga
|
MARC
| LEADER | 00000cam a22000002c 4500 | ||
|---|---|---|---|
| 001 | 1101923105 | ||
| 003 | DE-627 | ||
| 005 | 20251224221037.0 | ||
| 007 | tu | ||
| 008 | 930216s1984 xx ||||| 00| ||eng c | ||
| 024 | 8 | |a 002635 |q Sonstige Nr. | |
| 035 | |a (DE-627)1101923105 | ||
| 035 | |a (DE-576)031923100 | ||
| 035 | |a (DE-599)BSZ031923100 | ||
| 035 | |a (OCoLC)10147077 | ||
| 040 | |a DE-627 |b ger |c DE-627 |e rakwb | ||
| 041 | |a eng | ||
| 082 | 0 | |a 294.5/5 | |
| 082 | 0 | |a B | |
| 084 | |a 0 |2 ssgn | ||
| 100 | 0 | |0 (DE-588)118823418 |0 (DE-627)079597645 |0 (DE-576)209683317 |4 aut |a Satprem |d 1923-2007 | |
| 109 | |a Satprem 1923-2007 |a Enginger, Bernard 1923-2007 | ||
| 240 | 1 | 0 | |a Sri Aurobindo ou L'aventure de la conscience <engl.> |
| 245 | 1 | 0 | |a Sri Aurobindo or The adventure of consciousness |c Satprem |
| 264 | 1 | |a New York |b Inst. for Evolutionary Research |c 1984 | |
| 300 | |a 384 S. | ||
| 336 | |a Text |b txt |2 rdacontent | ||
| 337 | |a ohne Hilfsmittel zu benutzen |b n |2 rdamedia | ||
| 338 | |a Band |b nc |2 rdacarrier | ||
| 583 | 1 | |a Archivierung prüfen |c 20200919 |f DE-640 |z 1 |2 pdager | |
| 583 | 1 | |a Archivierung/Langzeitarchivierung gewährleistet |f SSG |x XA-DE-BW |2 pdager |5 DE-21 | |
| 689 | 0 | 0 | |d p |0 (DE-588)118505157 |0 (DE-627)079309607 |0 (DE-576)160125537 |2 gnd |a Aurobindo |d 1872-1950 |
| 689 | 0 | 1 | |d s |0 (DE-588)4067199-9 |0 (DE-627)106109936 |0 (DE-576)209168773 |2 gnd |a Yoga |
| 689 | 0 | |5 (DE-627) | |
| 700 | 0 | 2 | |a Satprem |d 1923-2007 |t Sri Aurobindo ou L'aventure de la conscience <engl.> |
| 935 | |a mteo | ||
| 951 | |a BO | ||
| ELC | |b 1 | ||
| ITA | |a 1 |t 1 | ||
| LOK | |0 000 xxxxxcx a22 zn 4500 | ||
| LOK | |0 001 2201284776 | ||
| LOK | |0 003 DE-627 | ||
| LOK | |0 004 1101923105 | ||
| LOK | |0 005 19991105000000 | ||
| LOK | |0 008 930216||||||||||||||||ger||||||| | ||
| LOK | |0 040 |a DE-21 |c DE-627 |d DE-21 | ||
| LOK | |0 852 |a DE-21 | ||
| LOK | |0 852 1 |c 25 A 8153 |9 00 | ||
| LOK | |0 935 |a comp |a konv | ||
| LOK | |0 939 |a 16-02-93 |b l01 | ||
| ORI | |a SA-MARC-ixtheoa001.raw | ||
| REL | |a 1 | ||
| STA | 0 | 0 | |a Yoga,Yoga |
| STB | 0 | 0 | |a Yoga,Yoga |
| STC | 0 | 0 | |a Yoga,Yoga |
| STD | 0 | 0 | |a Yoga,Yoga |
| STE | 0 | 0 | |a 瑜伽 |
| STF | 0 | 0 | |a 瑜伽 |
| STG | 0 | 0 | |a Ioga,Ioga |
| STH | 0 | 0 | |a Йога (мотив),Йога |
| STI | 0 | 0 | |a Γιόγκα (μοτίβο),Γιόγκα |
| SUB | |a REL | ||
| SYG | 0 | 0 | |a Aurobindo,Sri,1872-1950,Aurobindo Ghose,1872-1950,Aurobindo, Ghose,1872-1950,Aurobindo, Shri,1872-1950,Aurobindo, Sri,1872-1950,Aurobindo", Śrī,1872-1950,Aurobindo Ghose, Sri,1872-1950,Aravinda Ghosạ,1872-1950,Aravinda Ghose,1872-1950,Ghosạ, Arabinda,1872-1950,Ghoṣa, Aravinda,1872-1950,Ghose, Aravinda,1872-1950,Ghose, Aurobindo,1872-1950,Ghose, A.,1872-1950,Ghose, Sri Aurobindo,1872-1950,Ghose, Sri A.,1872-1950,Ghose Aurobindo, Sri,1872-1950,Ghosh, Aurobindo,1872-1950,Ghosh, A.,1872-1950,Ghosh, Sri Aurobindo,1872-1950,Sri Aurobindo,1872-1950,Śrī Aurobindo,1872-1950,Śrīaraviṃda,1872-1950,Śrīaravinda,1872-1950 , Joga,Körperliches Yoga,Therapeutisches Yoga |



